Gustave Alexandre Eiffel

Gespeichert in:
Bibliographische Detailangaben
1. Verfasser: Asensio, Paco (VerfasserIn)
Format: Buch
Sprache:Spanisch
Veröffentlicht: Barcelona Loft 2003
Schlagworte:
Tags: Tag hinzufügen
Keine Tags, Fügen Sie den ersten Tag hinzu!

MARC

LEADER 00000nam a2200000 a 4500
001 UCK2293
003 CL-VaPUC
008 041229e20030000SP |||||||||||||||||spa|d
020 |a 8496137031 
082 0 4 |a 620.0092  |b ASE  |2 21 
100 0 |a Asensio, Paco  |e author  |9 490116 
245 1 0 |a Gustave Alexandre Eiffel 
300 |a 79 p 
942 |c BK 
945 |d 20041229 00:00:00  |a cmena 
260 |a Barcelona  |b Loft  |c 2003 
600 0 7 |a EIFFEL, GUSTAVE ALEXANDRE  |2 CL-VaPUC  |9 490117 
650 0 |a Ingeniería   |9 259380 
650 0 |a Biografías  |9 255210 
650 7 |a INGENIEROS FRANCESES  |2 CL-VaPUC  |9 490118 
650 0 |a Diseño y construcción  |9 260862 
583 |a last modification  |c 20041229 00:00:00  |k Rodrigo Vera 
999 |c 311877  |d 311875 
952 |0 0  |1 0  |4 0  |6 620_009200000000000_ASE_2003  |7 0  |8 A  |9 381571  |a BIBARQ  |b BIBARQ  |d 2019-11-21  |i 4086155  |l 1  |o 620.0092 ASE 2003  |p 4086155  |r 2025-01-20  |s 2023-10-13  |w 2019-11-21  |y BK  |k ARQ